| 000 | 00551nam a22001937a 4500 | ||
|---|---|---|---|
| 003 | OSt | ||
| 005 | 20260421090336.0 | ||
| 008 | 260421b |||||||| |||| 00| 0 eng d | ||
| 020 | _a971-93080-2-8 | ||
| 040 |
_aDWCL Main Lib. _cOC |
||
| 082 |
_23rd ed. _a160 Sa59l 2002 |
||
| 100 | _aSantiago, Alma S. | ||
| 245 |
_aLogic : _bthe art of reasoning/ _cAlma S. Santiago |
||
| 250 | _a3rd ed. | ||
| 260 |
_aQuezon City : _bJollence Publishing, _cc2002 |
||
| 300 |
_a348 p. ; _c22 cm. |
||
| 650 | _aLogic | ||
| 942 |
_2ddc _cBK - FIL _e3rd ed. _hFil. _n0 |
||
| 999 |
_c9619 _d9619 |
||